000 00964nam a2200301Ia 4500
003 OSt
005 20221006153711.0
006 a|||||r|||| 00| 0
007 ta
008 221006b |||||||| |||| 00| 0 eng d
020 _a9780520211797
_c¥8,290 (each)
024 _a33,086
037 _bGift, Japan Foundation
_cAnnuals, Advances
040 _aEASL
_cEASL
_beng
041 _2eng
_aeng
082 _aQ4:361.42, N9
100 _aMachida Soho
_9665009
245 0 _aRenegade Monk
_b Honen and Japanese pure land Buddhism
260 _aBerkeley
_bUniversity of California
_c1999
300 _avii,203p.
_ccm.
490 _v JEL
650 _a JEL
650 _a Pure Land Buddhism - Japan - History
_9665010
650 _aJodoshu - Doctrines
_9665011
700 _a Mentzas Ioannis Tr.
_9665012
942 _hQ4:361.42, N9
_cREF
_2CC
999 _c1101172
_d1101172